[Event "Rivera Hernandez Memorial-B"]
[Site "Rivera Huila"]
[Date "2023.07.23"]
[Round "6"]
[White "Remicio Gomez, Joshua Santiago"]
[Black "Cometa, Luis Fernando"]
[Result "1-0"]
[WhiteElo "1252"]
[BlackElo "1824"]
[PlyCount "87"]
[EventDate "2023.07.20"]
[EventType "swiss"]
[EventRounds "7"]
[EventCountry "COL"]
[SourceTitle "CBM 215 Extra"]
[Source "ChessBase"]
[SourceDate "2023.09.30"]
[SourceVersion "1"]
[SourceVersionDate "2023.09.30"]
[SourceQuality "1"]

1. e4 b6 2. d4 Bb7 3. Bd3 e6 4. c4 Nf6 5. Nc3 Bb4 6. Bg5 h6 7. Bxf6 Qxf6 8. Nf3 Nc6 9. Bc2 Qe7 10. Qd2 Na5 11. Qd3 Ba6 12. b3 Bb7 13. 0-0 Bxc3 14. Qxc3 0-0-0 15. Rfb1 g5 16. b4 Nc6 17. a4 g4 18. Nd2 Rdf8 19. a5 f5 20. axb6 axb6 21. d5 Nb8 22. dxe6 Qxe6 23. exf5 Qf6 24. Qxf6 Rxf6 25. c5 Re8 26. Re1 Rxe1+ 27. Rxe1 Kd8 28. cxb6 Rxb6 29. Be4 d5 30. Bd3 Rxb4 31. g3 Rd4 32. f6 Nd7 33. f7 Nf8 34. Bf5 Bc6 35. Nb3 Re4 36. Bxe4 dxe4 37. Nc5 Ke7 38. Nxe4 Kxf7 39. Nd2 Kf6 40. Rc1 Bd5 41. Rxc7 Ne6 42. Ra7 h5 43. Ra5 Nc7 44. Rc5 1-0

[Event "Rivera Hernandez Memorial-B"]
[Site "Rivera Huila"]
[Date "2023.07.21"]
[Round "3"]
[White "Cometa, Luis Fernando"]
[Black "Giraldo Uribe, Jose Jardani"]
[Result "1-0"]
[WhiteElo "1824"]
[BlackElo "1635"]
[PlyCount "77"]
[EventDate "2023.07.20"]
[EventType "swiss"]
[EventRounds "7"]
[EventCountry "COL"]
[SourceTitle "CBM 215 Extra"]
[Source "ChessBase"]
[SourceDate "2023.09.30"]
[SourceVersion "1"]
[SourceVersionDate "2023.09.30"]
[SourceQuality "1"]

1. e4 e6 2. d4 d5 3. e5 c5 4. c3 Qb6 5. Nf3 Nc6 6. Bd3 cxd4 7. cxd4 Bd7 8. 0-0 Nxd4 9. Nxd4 Qxd4 10. Nc3 a6 11. Qe2 Nh6 12. Kh1 Qc5 13. f4 Nf5 14. Bd2 Be7 15. g4 Nd4 16. Qf2 Qa7 17. Be3 Bc5 18. Rad1 Nb3 19. Bxc5 Nxc5 20. Bb1 Bc6 21. Kg1 Na4 22. Qxa7 Rxa7 23. Nxa4 Bxa4 24. Rd4 Bc6 25. f5 g6 26. fxe6 fxe6 27. Rdf4 b5 28. g5 Re7 29. h4 Kd8 30. Rc1 Be8 31. Rf6 Kd7 32. Kf2 Rg8 33. Ke3 Rgg7 34. Kd4 Kd8 35. Rc3 Rc7 36. Rxe6 Rxc3 37. bxc3 Ra7 38. Rd6+ Rd7 39. Rxd5 1-0

[Event "COL-ch U2000"]
[Site "Pereira"]
[Date "2019.03.21"]
[Round "1"]
[White "Cometa, Luis Fernando"]
[Black "Vargas, Eduar Misael"]
[Result "0-1"]
[WhiteElo "1817"]
[BlackElo "1956"]
[PlyCount "54"]
[EventDate "2019.03.21"]
[EventType "swiss"]
[EventRounds "9"]
[EventCountry "COL"]
[SourceTitle "CBM 189 Extra"]
[Source "ChessBase"]
[SourceDate "2019.05.31"]
[SourceVersion "1"]
[SourceVersionDate "2019.05.31"]
[SourceQuality "1"]

1. e4 c5 2. Nf3 d6 3. Nc3 Nf6 4. Be2 Nc6 5. d4 Bg4 6. 0-0 e6 7. Bg5 Be7 8. Bxf6 Bxf6 9. d5 Nb8 10. e5 Bxf3 11. exf6 Bxd5 12. fxg7 Rg8 13. Bf3 Bc6 14. Nb1 Rxg7 15. Nd2 Qd7 16. Bxc6 Nxc6 17. Ne4 Ke7 18. Qf3 f5 19. Ng3 Rb8 20. Rfe1 Ne5 21. Qh5 Rf7 22. Rad1 Qa4 23. Qg5+ Kd7 24. Qh5 Ng6 25. Qe2 Re8 26. Qf3 Qc6 27. Rxd6+ Kxd6 0-1

[Event "COL-ch Amateur U2000"]
[Site "Bogota"]
[Date "2017.03.04"]
[Round "4"]
[White "Cometa, Luis Fernando"]
[Black "Celis Vargas, Walter Enrique"]
[Result "1-0"]
[WhiteElo "1889"]
[BlackElo "1726"]
[PlyCount "41"]
[EventDate "2017.03.02"]
[EventType "swiss"]
[EventRounds "7"]
[EventCountry "COL"]
[SourceTitle "CBM 177 Extra"]
[Source "ChessBase"]
[SourceDate "2017.04.27"]
[SourceVersion "1"]
[SourceVersionDate "2017.04.27"]
[SourceQuality "1"]

1. e4 e6 2. Nf3 d5 3. exd5 exd5 4. d4 Nf6 5. Bd3 Nc6 6. h3 Nb4 7. 0-0 Nxd3 8. Qxd3 Be7 9. Re1 0-0 10. Bg5 Re8 11. Nc3 c6 12. Nd2 Bd7 13. a3 Qc8 14. Qf3 Be6 15. Re2 Nd7 16. Qg3 Bxg5 17. Qxg5 Qd8 18. Qg3 Bf5 19. Rxe8+ Qxe8 20. Nf3 Bxc2 21. Re1 1-0

[Event "COL-ch Amateur U2000"]
[Site "Bogota"]
[Date "2017.03.04"]
[Round "5"]
[White "Palomares Valencia, Daniel Felipe"]
[Black "Cometa, Luis Fernando"]
[Result "1-0"]
[WhiteElo "1768"]
[BlackElo "1889"]
[PlyCount "33"]
[EventDate "2017.03.02"]
[EventType "swiss"]
[EventRounds "7"]
[EventCountry "COL"]
[SourceTitle "CBM 177 Extra"]
[Source "ChessBase"]
[SourceDate "2017.04.27"]
[SourceVersion "1"]
[SourceVersionDate "2017.04.27"]
[SourceQuality "1"]

1. d4 f5 2. Bg5 d5 3. e3 c6 4. Nd2 Qc7 5. Bd3 e6 6. Ngf3 Be7 7. Bf4 Qd8 8. 0-0 Nf6 9. c4 0-0 10. Ne5 Nbd7 11. cxd5 Nxe5 12. dxe5 Nxd5 13. Bc4 Nxf4 14. exf4 Qa5 15. Nf3 Qb4 16. Qb3 Qxb3 17. Bxb3 1-0

[Event "Huila Region-ch Amateur"]
[Site "Neiva"]
[Date "2015.01.25"]
[Round "3.8"]
[White "Cometa, Luis Fernando"]
[Black "Trujillo Urriago, Karen Jo"]
[Result "1-0"]
[WhiteElo "1889"]
[BlackElo "1603"]
[PlyCount "46"]
[EventDate "2015.01.24"]
[EventType "swiss"]
[EventRounds "6"]
[EventCountry "COL"]
[SourceTitle "EXT 2024"]
[Source "ChessBase"]
[SourceDate "2023.10.10"]
[SourceVersion "1"]
[SourceVersionDate "2023.10.10"]
[SourceQuality "1"]

1. b4 e5 2. Bb2 d6 3. c4 Nf6 4. e3 Be7 5. d4 Bf5 6. Nf3 e4 7. Nfd2 d5 8. Qb3 c6 9. Nc3 0-0 10. Be2 Re8 11. a4 a6 12. c5 Nbd7 13. a5 Nf8 14. 0-0-0 h6 15. Nf1 Ng4 16. Ng3 Qd7 17. Rdf1 Bh4 18. Qd1 Bxg3 19. hxg3 Ng6 20. Kb1 Reb8 21. Bc1 b5 22. cxb6 Nf6 23. Qb3 Rb7 1-0

[Event "Huila Region-ch Amateur"]
[Site "Neiva"]
[Date "2015.01.25"]
[Round "5.9"]
[White "Ramirez, Alvaro1"]
[Black "Cometa, Luis Fernando"]
[Result "0-1"]
[WhiteElo "1578"]
[BlackElo "1889"]
[PlyCount "100"]
[EventDate "2015.01.24"]
[EventType "swiss"]
[EventRounds "6"]
[EventCountry "COL"]
[SourceTitle "EXT 2024"]
[Source "ChessBase"]
[SourceDate "2023.10.10"]
[SourceVersion "1"]
[SourceVersionDate "2023.10.10"]
[SourceQuality "1"]

1. e4 d6 2. d4 Nf6 3. Nc3 g6 4. Bc4 Bg7 5. h3 0-0 6. Nf3 c6 7. Ng5 b5 8. Bb3 a5 9. e5 Ne8 10. e6 f6 11. h4 a4 12. Nxa4 bxa4 13. Bc4 d5 14. Bd3 fxg5 15. hxg5 Bxe6 16. Be3 Nd6 17. Qe2 Bf5 18. Bxf5 Nxf5 19. 0-0-0 Qb6 20. Qd3 Nxe3 21. fxe3 Nd7 22. Rxh7 Rf5 23. Rdh1 Raf8 24. R7h3 e5 25. e4 dxe4 26. Qxe4 Rf1+ 27. Rxf1 Rxf1+ 28. Kd2 Qb4+ 29. Rc3 Qxd4+ 30. Qxd4 exd4 31. Rxc6 Rf2+ 32. Ke1 Rxg2 33. Rxg6 Rxc2 34. Rd6 Ne5 35. Rd8+ Kh7 36. Kd1 Rxb2 37. Rxd4 Rxa2 38. Kc1 Nf3 39. g6+ Kxg6 40. Rg4+ Ng5 41. Rg3 Ra1+ 42. Kc2 Kf5 43. Rd3 Ke4 44. Rg3 Bf6 45. Rg4+ Ke3 46. Rg3+ Nf3 47. Rh3 Ra2+ 48. Kb1 Rb2+ 49. Kc1 a3 50. Rh8 Bxh8 0-1

[Event "Pan American Amateur-ch"]
[Site "San Andres Islas"]
[Date "2014.08.27"]
[Round "3"]
[White "Cometa, Luis Fernando"]
[Black "Vasquez, Rafael"]
[Result "1-0"]
[WhiteElo "1625"]
[BlackElo "1902"]
[PlyCount "77"]
[EventDate "2014.08.26"]
[EventType "swiss"]
[EventRounds "9"]
[EventCountry "COL"]
[SourceTitle "EXT 2016"]
[Source "ChessBase"]
[SourceDate "2015.10.08"]
[SourceVersion "1"]
[SourceVersionDate "2015.10.08"]
[SourceQuality "1"]

1. e4 c5 2. Nf3 d6 3. c3 Nf6 4. h3 Bd7 5. e5 dxe5 6. Nxe5 Nc6 7. Nxd7 Qxd7 8. Bb5 a6 9. Ba4 b5 10. Bc2 g6 11. d3 Rc8 12. 0-0 Bg7 13. Be3 Nd8 14. Nd2 0-0 15. f4 Nd5 16. Qf3 Nxe3 17. Qxe3 b4 18. Ne4 bxc3 19. bxc3 Nb7 20. Qe1 Nd6 21. Rd1 Qc7 22. Ng5 h6 23. Ne4 Qa5 24. Bb3 Nxe4 25. Qxe4 Qxc3 26. Qxe7 Rce8 27. Bxf7+ Rxf7 28. Qxe8+ Bf8 29. Rf3 Qc2 30. Rdf1 Qxa2 31. f5 g5 32. f6 Qb2 33. Qe4 Qd4+ 34. Kh1 Qxe4 35. dxe4 Bd6 36. Re1 Be5 37. Rf5 Bxf6 38. Ref1 c4 39. e5 1-0